000 00603nam a22001817a 4500
999 _c80719
_d80719
008 210215b ||||| |||| 00| 0 eng d
040 _aSTAFF
_bger
_cSTAFF
_erda
041 _ager
100 _aKrüger, Christin:
245 _a'versetzen' in Heinrich von Kleists "Über das Marionettentheater".
_bVersuch über ein Wort /
_cChristin Krüger
653 _aKleist, Heinrich von
653 _aÜber das Marionettentheater
773 _dFrankfurt (Oder): Kleist-Museum
_gHeft 2020, S. 40-48
_tGedanken-striche
_w17028
942 _cA